ColSec rebellion /

Bibliographic Details
Main Author: Hill, Douglas, 1935-2007
Format: Book
Language:English
Published: Toronto ; New York : Bantam, 1986
Series:Hill, Douglas Arthur, 1935- ColSec trilogy ; 3.

MARC

Tag First Indicator Second Indicator Subfields
LEADER 00000cam a2200000 a 4500
001 in00000031292
005 20151007060353.0
008 870106d19861985cn j 00011 eng d
010 |a  85007523  
020 |a 0553261452 (pbk.) :  |c $2.75 
035 |a (OCoLC)15035808 
035 |9 AAC0686AM 
040 |a OHI  |c OHI  |d m/c  |d TXA  |d UtOrBLW 
049 |a TXAS  |c [A09879380] 
050 4 |a PZ7.H5493  |b Co 1986 
100 1 |a Hill, Douglas,  |d 1935-2007. 
245 1 0 |a ColSec rebellion /  |c Douglas Hill. 
264 1 |a Toronto ;  |a New York :  |b Bantam,  |c 1986 
264 4 |c ©1985 
300 |a 161 pages ;  |c 18 cm. 
336 |a text  |b txt  |2 rdacontent 
337 |a unmediated  |b n  |2 rdamedia 
338 |a volume  |b nc  |2 rdacarrier 
490 1 |a ColSec trilogy ;  |v 3 
800 1 |a Hill, Douglas Arthur,  |d 1935-  |t ColSec trilogy ;  |v 3. 
999 |a MARS 
999 f f |s 3359ca0d-0305-355f-893d-1ea333ed3ce2  |i d00ae948-a79e-3dfe-a923-33122649096b  |t 0 
952 f f |p noncirc  |a Texas A&M University  |b College Station  |c Cushing Memorial Library & Archives  |d Cushing: Science Fiction (Does not check out)  |t 0  |e PZ7.H5493 Co 1986  |h Library of Congress classification  |i unmediated -- volume  |m A14809879380 
998 f f |a PZ7.H5493 Co 1986  |t 0  |l Cushing: Science Fiction (Does not check out)